<The> Online Business Impress Young
Relevantné informácie o postojoch mladých ľudí k atraktivite firmy v online svete. Poukázanie na rastúci záujem mladých o registráciu webových stránok v slovenskej doméne alebo o výhodnom podnikaní online. Súhrn užitočných krokov a rád pre mladých začínajúcich podnikateľov v online obchode.
Salvato in:
| Autore principale: | |
|---|---|
| Altri autori: | |
| Natura: | Capitolo di libro |
| Lingua: | inglese |
| Soggetti: | |
| Tags: |
Nessun Tag, puoi essere il primo ad aggiungerne!!
|
MARC
| LEADER | 00000naa$a2200000$$$4500 | ||
|---|---|---|---|
| 001 | 0259379 | ||
| 005 | 20240502074112.9 | ||
| 041 | 0 | |a eng | |
| 044 | |a SK | ||
| 245 | 1 | 0 | |a <The> Online Business Impress Young |c Jamal Hasan, Saad Hasan |
| 520 | |a Relevantné informácie o postojoch mladých ľudí k atraktivite firmy v online svete. Poukázanie na rastúci záujem mladých o registráciu webových stránok v slovenskej doméne alebo o výhodnom podnikaní online. Súhrn užitočných krokov a rád pre mladých začínajúcich podnikateľov v online obchode. | ||
| 610 | 2 | 0 | |a obchod elektronický |
| 610 | 2 | 0 | |a mladiství |
| 610 | 2 | 0 | |a podnikanie |
| 610 | 2 | 0 | |a technológie nové |
| 100 | 1 | |a Hasan, Jamal | |
| 700 | 1 | |a Hasan, Saad | |